01320nam a2200349 c 450000100060000000300100000600500170001600700030003300800410003602000180007704000350009504100130013004300120014308400110015510000350016624500810020125000220028226400560030430000430036033600270040333700330043033800280046349000360049150501890052752100530071653400300076965000360079965000340083565000370086965000390090670000250094558490CO-BoRNBP20250822231219.0ta160801s2009 ck a jr 000 j spa d a9789583004490 aCO-BoRNBPbspaerdacCO-BoRNBP1 aspaheng ae-uk-en aC CHE4 aChesterton, Gilbert Keitheaut13aEl poeta y los lunáticos /cG.K Chesterton ; ilustrado por Karol Guerrero. aPrimera edición 1aBogotá, Colombia :bPanamericana Editorial,c2009 a291 páginas :bilustraciones a color atextobtxt2rdacontent asin mediaciónbn2rdamedia avolumenbnc2rdacarrier0 aCajón de cuentosaSerie mayor1 tLos amigos fantásticostEl pájaro amarillotLa sombra del tiburóntEl crimen de Gabriel GaletEl dedo de piedratLa casa del pavo realtLa joya escarlatatEl asilo de la aventura1 aRecomendado para un público mayor de 12 años tThe poet and the lunatics07aAnimales en la literatura2LEMB07aMuerte en la literatura2lemb04aCuentos inglesesySiglo XX2LEMB04aLiteratura inglesaySiglo XX2LEMB aGuerrero, Karoleill